Para ti, ¿quién es Jesucristo? / (Record no. 84969)

MARC details
000 -LEADER
campo de control de longitud fija 00602nam a2200193 i 4500
001 - NÚMERO DE CONTROL
campo de control 84969
003 - IDENTIFICADOR DE NÚMERO DE CONTROL
campo de control ES-MaACL
005 - FECHA Y HORA DE LA ÚLTIMA TRANSACCIÓN
campo de control 20231218202341.0
007 - CAMPO FIJO DE DESCRIPCIÓN FÍSICA--INFORMACIÓN GENERAL
campo de control de longitud fija t|
008 - DATOS DE LONGITUD FIJA--INFORMACIÓN GENERAL
campo de control de longitud fija 041124s1972 sp ||||1| spa d
245 00 - MENCIÓN DEL TÍTULO
Título Para ti, ¿quién es Jesucristo? /
Mención de responsabilidad, etc. textos recogidos y presentados por A.M. Carré.
260 ## - PUBLICACIÓN, DISTRIBUCIÓN, ETC.
Lugar de publicación, distribución, etc. Madrid :
Nombre del editor, distribuidor, etc. Narcea,
Fecha de publicación, distribución, etc. [1972]
300 ## - DESCRIPCIÓN FÍSICA
Extensión 148 p. ;
Dimensiones 22 cm.
600 04 - PUNTO DE ACCESO ADICIONAL DE MATERIA--NOMBRE DE PERSONA
Nombre de persona Jesucristo.
9 (RLIN) 66361
700 1# - ENTRADA AGREGADA--NOMBRE PERSONAL
Nombre de persona Carre, Ambroise-Marie.
9 (RLIN) 35592
700 1# - ENTRADA AGREGADA--NOMBRE PERSONAL
Nombre de persona Gómez Molleda, María Dolores,
Fechas asociadas al nombre 1922-2017
9 (RLIN) 58053
852 ## - LOCALIZACIÓN
Ubicación ES-MaACL
Número de control de estantería C-45645
Sublocalización o colección R.81008
Holdings
Estatus retirado Estado de pérdida Estado de daño No para préstamo Biblioteca de origen Biblioteca actual Ubicación en estantería Fecha de adquisición Fuente de adquisición Total de préstamos Signatura topográfica completa Código de barras Visto por última vez Precio de reemplazo Tipo de ítem Koha
        Biblioteca del Ateneo de Madrid Biblioteca del Ateneo de Madrid Depósito 2 17/01/2008     C-45645 1088794 23/02/2023 23/02/2023 Libro impreso